| 000 | 01090cam a2200229 4500 | ||
|---|---|---|---|
| 001 | WB@3612-249 | ||
| 008 | 040901n2004 000 0 eng u | ||
| 035 | _a(Sirsi) u127242 | ||
| 245 | _aSlow sales for distributive trades | ||
| 260 | _c2004 | ||
| 490 |
_aCBI News Release _v31 Augst 2004 (3) |
||
| 520 | _aDespite expectations of a pick-up after July's slowdown, the latest quarterly CBI "Distributive trades survey" shows that August 2004 was slow too. Retailers cite successive interest rate rises and August's unpredictable weather as factors. Some 32% of firms said that sales were down during the month. Not surprisingly clothing sales were flat and durable goods, such as TVs and fridges also experienced a slowdown. http://www.cbi.org.uk/ndbs/press.nsf/0363c1f07c6ca 12a8025671c00381cc7/4f9498ed4c9575ad80256efb0052a5 d3?OpenDocument | ||
| 590 | _aWB | ||
| 590 | _aWB | ||
| 650 | _aCBI | ||
| 650 | _aRETAIL SALES | ||
| 650 | _aSALES FORECAST | ||
| 650 | _aRETAILERS PERFORMANCE | ||
| 650 | _aDISTRIBUTIVE TRADES SURVEY | ||
| 690 | _aECONOMIC ISSUES | ||
| 942 | _n0 | ||
| 999 |
_c117939 _d117939 |
||